| 000 | 00366nam a2200145Ia 4500 | ||
|---|---|---|---|
| 008 | 240624s9999 xx 000 0 und d | ||
| 041 | _aeng | ||
| 082 | _a300 BHA | ||
| 100 | _aKUMAR DHARMA | ||
| 245 | _aCAMBRIDGE ECONOMIC HISTORY OF INDIA | ||
| 260 |
_c2008 _aHyderabad _bOrient Longman |
||
| 300 | _axli, : 1115 : p. : cm. ; 21 | ||
| 365 |
_cRS _b31 |
||
| 440 | _v1 | ||
| 999 |
_c15567 _d15567 |
||